[Event "ROM-ch U14 Girls"]
[Site "Calimanesti"]
[Date "2015.04.06"]
[Round "9"]
[White "Sarac, Iasmina"]
[Black "Minnich, Mihaela Cristiana"]
[Result "1/2-1/2"]
[WhiteElo "1282"]
[BlackElo "1135"]
[PlyCount "32"]
[EventDate "2015.03.30"]
[EventType "swiss"]
[EventRounds "9"]
[EventCountry "ROU"]
[SourceTitle "CBM 165 Extra"]
[Source "ChessBase"]
[SourceDate "2015.04.21"]
[SourceVersion "1"]
[SourceVersionDate "2015.04.21"]
[SourceQuality "1"]

1. c4 Nf6 2. Nc3 d5 3. cxd5 Nxd5 4. g3 Bf5 5. Bg2 c6 6. e4 Nxc3 7. bxc3 Bg6 8. d3 e5 9. Ne2 Bd6 10. 0-0 0-0 11. d4 exd4 12. cxd4 Qe7 13. e5 Bc7 14. Qb3 Bb6 15. Qe3 Nd7 16. Nf4 Kh8 1/2-1/2

[Event "ROM-ch U12 Girls"]
[Site "Calimanesti"]
[Date "2014.04.12"]
[Round "8"]
[White "Banciu, Alexandra Ioana"]
[Black "Sarac, Iasmina"]
[Result "1-0"]
[WhiteElo "1211"]
[BlackElo "1071"]
[PlyCount "77"]
[EventDate "2014.04.06"]
[EventType "swiss"]
[EventRounds "9"]
[EventCountry "ROU"]
[SourceTitle "CBM 160 Extra"]
[Source "ChessBase"]
[SourceDate "2014.07.01"]
[SourceVersion "1"]
[SourceVersionDate "2014.07.01"]
[SourceQuality "1"]

1. e4 c5 2. Nf3 Nc6 3. d4 cxd4 4. Nxd4 g6 5. Nc3 Bg7 6. Be3 Nf6 7. Bc4 0-0 8. h3 d6 9. Qd2 Bd7 10. 0-0-0 e6 11. Bh6 Qb6 12. f3 Nxd4 13. Bxg7 Kxg7 14. Qxd4 Qxd4 15. Rxd4 Ne8 16. Nb5 Bxb5 17. Bxb5 Rd8 18. Rhd1 Nc7 19. Bc4 Ne8 20. Bb3 a6 21. c4 b6 22. Ba4 Rc8 23. Bxe8 Rfxe8 24. Kb1 b5 25. cxb5 axb5 26. Rxd6 Rc5 27. Rc1 Rxc1+ 28. Kxc1 Rc8+ 29. Kd2 Ra8 30. a3 Rb8 31. Rd4 e5 32. Rb4 Rd8+ 33. Ke3 Rc8 34. Rxb5 Rc2 35. g3 Rg2 36. g4 Rh2 37. a4 Rh1 38. a5 Rxh3 39. a6 1-0

[Event "ROM-ch U12 Girls"]
[Site "Calimanesti"]
[Date "2013.04.07"]
[Round "8"]
[White "Sarac, Iasmina"]
[Black "Tuduran, Camelia Diana"]
[Result "0-1"]
[WhiteElo "1001"]
[BlackElo "1195"]
[PlyCount "60"]
[EventDate "2013.04.02"]
[EventType "swiss"]
[EventRounds "9"]
[EventCountry "ROU"]
[SourceTitle "CBM 153 Extra"]
[Source "ChessBase"]
[SourceDate "2013.04.22"]
[SourceVersion "1"]
[SourceVersionDate "2013.04.22"]
[SourceQuality "1"]

1. e4 e5 2. Nf3 Nc6 3. Bb5 d6 4. Nc3 Bg4 5. h3 Bh5 6. d3 a6 7. Ba4 b5 8. Bb3 Nd4 9. Bd5 Nxf3+ 10. gxf3 Rc8 11. Bc6+ Ke7 12. Bg5+ Nf6 13. Nd5+ Ke6 14. Nb4 h6 15. Be3 d5 16. c3 Bxb4 17. cxb4 Qd6 18. Bb7 Rb8 19. Bxa6 Qxa6 20. exd5+ Nxd5 21. Bc5 Kd7 22. Rg1 Qf6 23. Rg3 Nf4 24. Kf1 Rbd8 25. d4 Kc8 26. Qb3 exd4 27. Qa3 Qc6 28. Qa7 Bxf3 29. Rxg7 Be2+ 30. Kg1 Nxh3+ 0-1

[Event "ROM-ch U12 Girls"]
[Site "Calimanesti"]
[Date "2013.04.06"]
[Round "7"]
[White "Mihai, Doina Ileana"]
[Black "Sarac, Iasmina"]
[Result "1/2-1/2"]
[WhiteElo "1040"]
[BlackElo "1001"]
[PlyCount "61"]
[EventDate "2013.04.02"]
[EventType "swiss"]
[EventRounds "9"]
[EventCountry "ROU"]
[SourceTitle "CBM 153 Extra"]
[Source "ChessBase"]
[SourceDate "2013.04.22"]
[SourceVersion "1"]
[SourceVersionDate "2013.04.22"]
[SourceQuality "1"]

1. e4 c5 2. Nf3 Nc6 3. Bb5 g6 4. Nc3 Bg7 5. d3 Nf6 6. Bf4 d6 7. 0-0 Bd7 8. Bc4 0-0 9. Bb5 a6 10. Bxc6 Bxc6 11. d4 cxd4 12. Nxd4 Bd7 13. Nf3 Bc6 14. Re1 Re8 15. Bg5 Qc7 16. Bxf6 Bxf6 17. Qd2 Bg7 18. Rad1 Rad8 19. Qd3 b5 20. a3 Rd7 21. Nd5 Bxd5 22. exd5 Bxb2 23. Rb1 Bg7 24. Rbc1 Qc3 25. Rb1 Qxd3 26. cxd3 Bh6 27. Rb2 Rc7 28. h3 Rec8 29. Rbe2 Rc1 30. Rxe7 Rxe1+ 31. Rxe1 1/2-1/2

[Event "ROM-ch U12 Girls"]
[Site "Calimanesti"]
[Date "2013.04.03"]
[Round "2"]
[White "Mos, Maria Magdalena"]
[Black "Sarac, Iasmina"]
[Result "1-0"]
[WhiteElo "1394"]
[BlackElo "1001"]
[PlyCount "99"]
[EventDate "2013.04.02"]
[EventType "swiss"]
[EventRounds "9"]
[EventCountry "ROU"]
[SourceTitle "CBM 153 Extra"]
[Source "ChessBase"]
[SourceDate "2013.04.22"]
[SourceVersion "1"]
[SourceVersionDate "2013.04.22"]
[SourceQuality "1"]

1. e4 e5 2. Bc4 Nf6 3. d3 Nc6 4. Nf3 Bb4+ 5. c3 Ba5 6. b4 Bb6 7. b5 Na5 8. Nxe5 Qe7 9. Bf4 Nxc4 10. Nxc4 Bc5 11. 0-0 0-0 12. Re1 Ng4 13. Qxg4 d5 14. Qg5 Qxg5 15. Bxg5 dxc4 16. dxc4 h6 17. Bf4 Be6 18. Nd2 Ba3 19. Rab1 c6 20. bxc6 bxc6 21. Rb3 Bc5 22. Reb1 Rfd8 23. Rb8 Raxb8 24. Rxb8 Rxb8 25. Bxb8 a6 26. Kf1 Ba3 27. Ke1 Bc1 28. Nb3 Bf4 29. Bxf4 Bxc4 30. Kd2 Bf1 31. g3 g5 32. Be5 Kh7 33. Ke3 Kg6 34. Kd4 f6 35. Bd6 Bb5 36. c4 Ba4 37. Nc5 Bc2 38. Nxa6 f5 39. exf5+ Kxf5 40. f3 Bb1 41. a4 Ke6 42. Bf8 Kd7 43. Nc5+ Kc7 44. a5 h5 45. a6 Kb6 46. Bd6 Bc2 47. Bb8 Bd1 48. a7 Bxf3 49. a8Q Be2 50. Qa6# 1-0